<?xml version="1.0" encoding="UTF-8"?>
<record
    xmlns:xsi="http://www.w3.org/2001/XMLSchema-instance"
    xsi:schemaLocation="http://www.loc.gov/MARC21/slim http://www.loc.gov/standards/marcxml/schema/MARC21slim.xsd"
    xmlns="http://www.loc.gov/MARC21/slim">

  <leader>01246nam a2200253 a 4500</leader>
  <controlfield tag="003">DO-SdBNP</controlfield>
  <controlfield tag="005">20260202095302.0</controlfield>
  <controlfield tag="007">ta</controlfield>
  <controlfield tag="008">211005e2019    dr ||||gr|||| 001 0dspa d</controlfield>
  <datafield tag="020" ind1=" " ind2=" ">
    <subfield code="a">9789945918243</subfield>
  </datafield>
  <datafield tag="040" ind1=" " ind2=" ">
    <subfield code="a">DO-SdBNP</subfield>
    <subfield code="b">spa</subfield>
    <subfield code="c">BNPHU</subfield>
  </datafield>
  <datafield tag="082" ind1=" " ind2="4">
    <subfield code="2">22</subfield>
    <subfield code="b">S211m</subfield>
  </datafield>
  <datafield tag="100" ind1="1" ind2=" ">
    <subfield code="a">S&#xE1;nchez, Manuel</subfield>
    <subfield code="9">80112</subfield>
  </datafield>
  <datafield tag="245" ind1="0" ind2="0">
    <subfield code="a">Me arrepiento de mi pecado:</subfield>
    <subfield code="b">un llamado a la paz con Dios. /</subfield>
    <subfield code="c"> Manuel, S&#xE1;nchez; pr&#xF3;logo de Malaqu&#xED;as Bel&#xE9;n</subfield>
  </datafield>
  <datafield tag="260" ind1=" " ind2=" ">
    <subfield code="a">Santo Domingo :</subfield>
    <subfield code="b">Publicaciones Libertad,</subfield>
    <subfield code="c">2019</subfield>
  </datafield>
  <datafield tag="300" ind1=" " ind2=" ">
    <subfield code="a">120 p. ;</subfield>
    <subfield code="b">21 cm.</subfield>
  </datafield>
  <datafield tag="500" ind1=" " ind2=" ">
    <subfield code="a">Incluye biograf&#xED;a del autor en la contracubierta.</subfield>
  </datafield>
  <datafield tag="505" ind1="0" ind2="0">
    <subfield code="a">Dedicatoria.-- Agradecimientos.-- Pr&#xF3;logo.-- Pre&#xE1;mbulo.</subfield>
    <subfield code="t">1. Un mundo cargado de pecado.--</subfield>
    <subfield code="t">2. Debes ser limpio por su sangre.--</subfield>
    <subfield code="t">3. si vives por lo terrenal, no vivir&#xE1;s en lo celestial.--</subfield>
    <subfield code="t">4. Eres esclavo, pero &#xBF;de qu&#xE9;?.--</subfield>
    <subfield code="t">5. La grandeza de la humanidad.--</subfield>
    <subfield code="t">6. Barreras que derribar.--</subfield>
    <subfield code="t">&#xA1;Qu&#xE9; mis oraciones no tengan estorbo!.--</subfield>
    <subfield code="t">8. Al que mucho se le perdona, mucho debe amar.--</subfield>
    <subfield code="t">9. La desgracia del pecado.</subfield>
  </datafield>
  <datafield tag="590" ind1=" " ind2=" ">
    <subfield code="a">Inventariado 2021 / MF</subfield>
  </datafield>
  <datafield tag="650" ind1=" " ind2="0">
    <subfield code="a">Vida cristiana</subfield>
    <subfield code="x">Religi&#xF3;n</subfield>
    <subfield code="9">668</subfield>
  </datafield>
  <datafield tag="650" ind1=" " ind2="0">
    <subfield code="a">Espiritualidad</subfield>
    <subfield code="x">Religi&#xF3;n</subfield>
    <subfield code="9">613</subfield>
  </datafield>
  <datafield tag="700" ind1="1" ind2=" ">
    <subfield code="9">79593</subfield>
    <subfield code="a">Bel&#xE9;n, Malaqu&#xED;as,</subfield>
    <subfield code="d">1977</subfield>
    <subfield code="e">pr&#xF3;logo</subfield>
  </datafield>
  <datafield tag="942" ind1=" " ind2=" ">
    <subfield code="2">ddc</subfield>
    <subfield code="c">LBS1</subfield>
  </datafield>
  <datafield tag="952" ind1=" " ind2=" ">
    <subfield code="0">0</subfield>
    <subfield code="1">0</subfield>
    <subfield code="2">ddc</subfield>
    <subfield code="5">1</subfield>
    <subfield code="7">0</subfield>
    <subfield code="8">PD</subfield>
    <subfield code="a">BNPHU</subfield>
    <subfield code="b">PD</subfield>
    <subfield code="c">HD</subfield>
    <subfield code="d">2021-02-12</subfield>
    <subfield code="e">Donado por Publicaciones Libertad</subfield>
    <subfield code="l">0</subfield>
    <subfield code="o">S211m</subfield>
    <subfield code="p">2021-27199</subfield>
    <subfield code="r">2021-10-05</subfield>
    <subfield code="w">2021-10-05</subfield>
    <subfield code="y">LFPD</subfield>
  </datafield>
  <datafield tag="952" ind1=" " ind2=" ">
    <subfield code="0">0</subfield>
    <subfield code="1">0</subfield>
    <subfield code="2">ddc</subfield>
    <subfield code="5">1</subfield>
    <subfield code="7">0</subfield>
    <subfield code="8">PD</subfield>
    <subfield code="a">BNPHU</subfield>
    <subfield code="b">PD</subfield>
    <subfield code="c">HD</subfield>
    <subfield code="d">2021-02-12</subfield>
    <subfield code="e">Donado por Publicaciones Libertad</subfield>
    <subfield code="l">0</subfield>
    <subfield code="o">S211m</subfield>
    <subfield code="p">2021-27200</subfield>
    <subfield code="r">2021-10-05</subfield>
    <subfield code="t">e.2</subfield>
    <subfield code="w">2021-10-05</subfield>
    <subfield code="y">LFPD</subfield>
  </datafield>
  <datafield tag="952" ind1=" " ind2=" ">
    <subfield code="0">0</subfield>
    <subfield code="1">0</subfield>
    <subfield code="2">ddc</subfield>
    <subfield code="5">6</subfield>
    <subfield code="7">0</subfield>
    <subfield code="8">DS</subfield>
    <subfield code="a">BNPHU</subfield>
    <subfield code="b">GR</subfield>
    <subfield code="c">HD</subfield>
    <subfield code="d">2021-02-12</subfield>
    <subfield code="e">Donado por Publicaciones Libertad</subfield>
    <subfield code="l">0</subfield>
    <subfield code="o">S211m</subfield>
    <subfield code="p">2021-27201</subfield>
    <subfield code="r">2021-10-05</subfield>
    <subfield code="t">e.3</subfield>
    <subfield code="w">2021-10-05</subfield>
    <subfield code="y">LFDS</subfield>
  </datafield>
  <datafield tag="999" ind1=" " ind2=" ">
    <subfield code="c">50702</subfield>
    <subfield code="d">50702</subfield>
  </datafield>
</record>
